Bleed It Out - Linkin Park (All Lyrics) - Statistics

General Stats
  • This quiz has been taken 8 times
  • The average score is 351 of 422
Answer Stats
Answer % Correct
a
100%
go
100%
Go,
100%
I
100%
in
100%
it
100%
out
100%
out,
100%
Throw
100%
throw
100%
to
100%
again
88%
and
88%
And
88%
away
88%
away,
88%
bleed
88%
can
88%
dance
88%
dirt
88%
'em
88%
every
88%
excuse
88%
floor
88%
for
88%
from
88%
Fuck,
88%
Going
88%
he
88%
is
88%
just
88%
Just
88%
let
88%
line
88%
Make
88%
make
88%
me
88%
me,
88%
no
88%
of
88%
on
88%
shine
88%
stop
88%
that
88%
the
88%
they
88%
this
88%
time
88%
up
88%
won't
88%
you
88%
your
88%
be
75%
bring
75%
cares
75%
chorus
75%
deeper
75%
digging
75%
don't
75%
Filthy
75%
Find
75%
fucking
75%
grenade
75%
Hand
75%
hang
75%
here
75%
hundredth
75%
lie
75%
mind
75%
mouth,
75%
my
75%
new
75%
noose
75%
one
75%
pins
75%
place
75%
prayers
75%
Say
75%
show
75%
so
75%
So
75%
something
75%
stare
75%
stomp
75%
try
75%
verse
75%
we
75%
When
75%
Yeah,
75%
Doesn't
63%
get
63%
Half
63%
hard
63%
how
63%
hurts,
63%
know
63%
loose
63%
matter
63%
mean
63%
myself
63%
pour
63%
Shotgun
63%
sloppy
63%
someone
63%
String
63%
these
63%
thing
63%
tight
63%
Truth
63%
watch
63%
words
63%
atop
50%
back
50%
brand
50%
Candy
50%
Can't
50%
Choppy
50%
Cock
50%
contain
50%
Death
50%
face
50%
flow
50%
hearse
50%
help
50%
him,
50%
him?
50%
his
50%
I'll
50%
I've
50%
Knot
50%
knows
50%
load
50%
lock
50%
now
50%
opened
50%
opera,
50%
reach
50%
satisfied
50%
scars
50%
somewhere
50%
then
50%
why
50%
been
38%
Bled
38%
cursed
38%
far
38%
ignoring
38%
Mama
38%
paint
38%
pulled
38%
rolling
38%
roofs
38%
shovel
38%
there
38%
With
38%
works
38%
down
25%
Dug
25%
laid
25%
trench
25%
No matching quizzes found
Score Distribution
Percent of People with Each Score
Percentile by Number Answered
Your Score History
You have not taken this quiz